|
|
|
|
| LEADER |
00000nam a2200000 a 4500 |
| 001 |
vtls008299215 |
| 003 |
SK-MaSNL |
| 005 |
20260301020044.0 |
| 008 |
251031s2005 xo dl e p 000 0 slo |
| 015 |
|
|
|a SNBA2005/12-04877
|
| 020 |
|
|
|a 8089004954 (brož.)
|
| 035 |
|
|
|a ABC84592-1D1A-4A95-9DC0-D32EAC1FC25A
|
| 035 |
|
|
|a urn:nbn:sk:snk-amldkx
|
| 035 |
|
|
|a urn:nbn:sk:snk-am009024
|
| 040 |
|
|
|a SNK
|b slo
|c SNK
|e AACR2
|
| 041 |
1 |
|
|a slo
|h cze
|
| 044 |
|
|
|a xo
|c SK
|
| 072 |
|
7 |
|a 621.3
|x Elektrotechnika
|2 konspekt
|
| 080 |
|
|
|a (075.3)
|2 MDT-MRF
|
| 080 |
|
|
|a 621.3
|2 MDT-MRF
|
| 100 |
1 |
|
|a Malý, Zdeněk
|4 aut
|9 19848
|
| 240 |
1 |
0 |
|a Elektrotechnologie I
|l Slovensky
|
| 245 |
1 |
0 |
|a Elektrotechnológia I
|c Zdeněk Malý, Mojmír Simerský; [z českého originálu preložil František Tököly]
|
| 250 |
|
|
|a 3. vyd.
|
| 260 |
|
|
|a Bratislava
|b Alfa-press
|c 2005
|
| 300 |
|
|
|a 259 s.
|b grafy, sch., tab.
|c 20 cm
|
| 500 |
|
|
|a Celkové 4. vyd.
|
| 650 |
0 |
7 |
|a elektrotechnológia
|2 SNKPH
|9 68708
|
| 655 |
|
7 |
|a učebnice stredných škôl
|2 SNKPH
|9 69323
|
| 700 |
1 |
|
|a Tököly, František
|4 trl
|
| 700 |
1 |
|
|a Simerský, Mojmír,
|d 1919-1994
|4 aut
|9 263446
|
| 919 |
|
|
|a 80-89004-95-4
|
| 958 |
|
|
|a OND
|
| 968 |
|
|
|b ČES
|d 62
|
| 999 |
|
|
|c 562136
|d 564066
|
| 952 |
|
|
|a SNK
|b SNK
|y PREZ
|7 0
|p 17A0484594
|o snkSC 121300/1
|i snk2005/15952
|8 0
|0 0
|1 0
|4 0
|d 2005-09-26
|f 1
|l 0
|r 2025-06-02 00:00:00
|w 2026-02-23
|
| 952 |
|
|
|a SNK
|b SNK
|y VYP
|7 0
|p 17A0484593
|o snkSC 121300/1 D1
|i snk2005/15953
|8 0
|0 0
|1 0
|4 0
|d 2005-09-26
|l 0
|r 2026-02-23 13:46:19
|w 2026-02-23
|